000 00876nam a2200241Ia 4500
003 OSt
005 20220918110742.0
006 a|||||r|||| 00| 0
007 ta
008 220915b |||||||| |||| 00| 0 san d
024 _a240225
037 _cReference Collections
040 _aARTS
_cARTS
_bsan
041 _2san
_asan
082 _aP15:4k, 152P6(RR)
100 _aजैन, उदयचन्द्र
_99374
245 0 _aबृहद् संस्कृत हिन्दी शब्द कोष
246 _aBṛuhad sanskṛut hindī shabda koṣha
260 _aदिल्ली
_bन्यू भारतीय बुक कॉर्पोरेशन भारत
_c2006
300 _a1296पण्
942 _hP15:4k, 152P6(RR)
_cREF
999 _c114481
_d114481